00439nam a2200157Ia 4500008004100000020001400041082001600055100001300071245003500084250000700119260007200126300002400198500001900222600002000241650002000261240925s9999 xx 000 0 und d a480332726 a303.483 BSC aBSCS - - 0aScience Technology and Society aNA aNew Delhi:bNiraja Construction and Development Co. (P) LTDc,1984. a302p.bNAfOriginal aIncludes Index aSocial Sciences aSocial Sciences